Journal of Information Systems Engineering and Business Intelligence (Запис № 421597)

МАРК-запис
000 -Лідер
fixed length control field 02020nam a22002777a 4500
003 - Ідентифікатор контрольного номера
control field UA-OsUOA
001 - Контрольний номер
control field 133027
007 - Фіксоване поле фізичного опису
fixed length control field ta
008 - Елементи даних фіксованої довжини – загальна інформація
fixed length control field 20180926b un ||||| |||| 00| 0 ukr d
090 ## - Локальний шифр розміщення
Авторський знак (НП) J-34
040 ## - Джерело каталогізації
Агенція оригінальної каталогізації UA-OsUOA
Мова каталогізації eng
Агенція, яка здійснювала перезапис UA-OsUOA
Агенція, яка здійснювала модифікацію UA-OsUOA
041 ## - Код мови
Код мови тексту/ звукової доріжки чи окремого заголовка (П) eng
245 ## - Відомості про назву
Назва (НП) Journal of Information Systems Engineering and Business Intelligence
Дані про відповідальність (НП) Editor-in-Chief INDRA Kharisma Raharjana
260 ## - Публікація, розповсюдження і т.п. (Вихідні дані)
Дата публікації, розповсюдження і т.п. (П) 2017
246 31 - Інша форма назви
Назва (НП) 1
Номер частини/ розділ роботи (П)
520 3# - Резюме і т.п.
Резюме, реферат, анотація, тощо (НП) Journal of Information Systems Engineering and Business Intelligence (JISEBI, e-ISSN:2443-2555 p-ISSN:2598-6333) is an international, peer-reviewed, open-access journal published by Universitas Airlangga (Top 5 Indonesian University-QS World Universit
520 3# - Резюме і т.п.
Резюме, реферат, анотація, тощо (НП) y Rankings 2018). Indexed by DOAJ, Crossref, Google Scholar, BASE, SINTA 2.0, and Microsoft Academic Search.Benefits of Publishing with JISEBI- No Publication Fee for International Authors (Author from Indonesia will be required to pay an Articl
520 3# - Резюме і т.п.
Резюме, реферат, анотація, тощо (НП) e Publication Fee Rp 300.000, -) http://s.id/1fEC- Offer open access license (CC-BY), authors retain the copyright.- Get peer-reviewed and improve your manuscript.This journal has been accredited by National Journal Accreditation (ARJUNA) mana
520 3# - Резюме і т.п.
Резюме, реферат, анотація, тощо (НП) ged by the Ministry of Research, Technology and Higher Education, Republic Indonesia with Peringkat 2 (SINTA 2) since the year 2016 to 2020 according to the decree number 21/E/KPT/2018 dated 9th July 2018. JISEBI invites original and review artic
520 3# - Резюме і т.п.
Резюме, реферат, анотація, тощо (НП) les on various issues within Information Systems Engineering and Business Intelligence, which include but are not limited to Software Engineering, Management and Utilization of Information Systems, Organizational Governance, Enterprise Resource Planni
520 3# - Резюме і т.п.
Резюме, реферат, анотація, тощо (НП) ng, Enterprise Architecture Planning, Knowledge Management, Data and Text Mining, Artificial Intelligence, and Decision Support System.
650 #7 - Додаткове предметне введення – тематичний термін
Джерело заголовка чи терміна UDC
856 40 - Електронне місцезнаходження та доступ
Уніфікований ідентифікатор ресурсу (П) https://e-journal.unair.ac.id/JISEBI/issue/view/474
942 ## - Додаткові елементи входу (Коха)
Тип елемента Koha Номер журналу
955 ## - Код типу видання за змістом
Код типу видання за змістом (НП) Наукові видання

Немає доступних примірників.